000 00438nam a2200157 i 4500
001 52912
003 ES-MaACL
005 20230906162651.0
007 t|
008 030910s1936 fr ||||1| fre d
100 1 _aDelaporte, Louis.
_943319
245 1 4 _aLes hittites /
_cpar Louis Delaporte.
260 _aParis :
_bLa Renaissance du Livre,
_c1936 (
_eCorbeil :
_fCrété)
300 _aX, 371 p. ;
_c20 cm.
852 _aES-MaACL
_jA-4353
999 _c52912
_d52912